Evaluación del efecto de la concentración de sacarosa, concentración de vinazas y diferencias entre lotes de vinazas, para la producción de proteína insecticida por parte de Bacillus Thuringiensis Subsp. Israelensis

Uloženo v:
Podrobná bibliografie
Hlavní autor: Perez Vargas, Silvia Maria
Médium: Kniha
Vydáno: San José, Costa Rica 2011
Témata:
Tagy: Přidat tag
Žádné tagy, Buďte první, kdo vytvoří štítek k tomuto záznamu!

MARC

LEADER 00000nam a2200000Ia 4500
003 010542
005 20221231144027.0
008 140114s2011 cr a 000 | s d
040 |c cru CEDI 
090 |a TFG 6381 
100 |a Perez Vargas, Silvia Maria  |9 2506 
245 |a Evaluación del efecto de la concentración de sacarosa, concentración de vinazas y diferencias entre lotes de vinazas, para la producción de proteína insecticida por parte de Bacillus Thuringiensis Subsp. Israelensis  
260 |c 2011  |b San José, Costa Rica 
500 |a Proyecto de graduación (licenciatura en ingeniería química)--Universidad de Costa Rica. Facultad de Ingeniería. Escuela de Ingeniería Química 
650 |x INSECTICIDAS DE ORIGEN VEGETAL  |x BACTERIOLOGIA  |x CULTIVO Y MEDIOS DE CULTIVO   |x SACAROSA  |x ANALISIS QUIMICO  |x VINAZAS   |x BROCA DEL CAFETO   |x CAFE  |x CONTROL DE PLAGAS  |9 2507 
942 |c TFG 
999 |c 15810  |d 15810